Development of a Robust Algorithm to Detect Multi- Cloning ( Copy - Move) Forgeries / (Record no. 525246)

000 -LEADER
fixed length control field 00496nam a22001577a 4500
003 - CONTROL NUMBER IDENTIFIER
control field NUST
038 ## - RECORD CONTENT LICENSOR
Staff Name Mr. Zahoor
082 ## - DEWEY DECIMAL CLASSIFICATION NUMBER
Classification number 621
100 ## - MAIN ENTRY--PERSONAL NAME
Personal name Altaf, Muhammad Qasim
9 (RLIN) 15990
245 ## - TITLE STATEMENT
Title Development of a Robust Algorithm to Detect Multi- Cloning ( Copy - Move) Forgeries /
Statement of responsibility, etc. Muhammad Qasim Altaf
260 ## - PUBLICATION, DISTRIBUTION, ETC.
Place of publication, distribution, etc. Islamabad :
Name of publisher, distributor, etc. CEME - NUST,
Date of publication, distribution, etc. 2016.
300 ## - PHYSICAL DESCRIPTION
Extent xii, 49 p. : ill. ;
Dimensions 30cm.
500 ## - GENERAL NOTE
General note Hardcover.
600 ## - SUBJECT ADDED ENTRY--PERSONAL NAME
Personal name Mechatronics Engineering MS - Thesis.
9 (RLIN) 15674
942 ## - ADDED ENTRY ELEMENTS (KOHA)
Source of classification or shelving scheme
Koha item type Thesis
Holdings
Withdrawn status Lost status Source of classification or shelving scheme Damaged status Not for loan Permanent Location Current Location Shelving location Date acquired Total Checkouts Full call number Barcode Date last seen Price effective from Koha item type
          Central Library (CL) Central Library (CL) Thesis 06/28/2019   621 CL-T-162 06/30/2019 06/28/2019 Thesis
© 2023 Central Library, National University of Sciences and Technology. All Rights Reserved.